1336 1803 1720 1152 1999 1242 1893 1601 1128 1435 1775 1957 1911 1289 1213 1760 1785 1167 1848 1231 1557 1841 1549 1184 1816 1428 1429 1000 1623 1505 1808 1385 1827 1096 1874 1519 1802 1880 1803 1026 1684 1208 1839 1453 1499 1297 1221 1901 1236 1722 1325 1540 1602 1476 1484 1022 1958 1281 1440 1257 1692 1247 1238 1961 1144 1584 1924 1596 1544 1929 1575 1196 1181 1328 1211 1561 1141 1816 1955 1854 1459 1568 1562 1907 1235 1133 1786 1342 1808 1589 1257 1922 1957 1778 1513 1010 1069 1353 1741 BCNSPRNW ULIB Ver.6.0+V

เปลี่ยนเป็นภาษาไทย

Change to English
 แสดงรายละเอียดบรรณานุกรม
  กลับหน้าหลัก

Brief Record : Get Marc (ISO 2709) : E-mail record : QR code < ปิดหน้าต่าง
LEADER : 00000nam 2200000uu 4500
001    13399110851
003     ULIB
008    110610s2549||||th 000 0 tha d
020    9745159654
060 04 WS200^bอ841 2549
245 00 Hot issues in pediatrics /^cสมาคมกุมารแพทย์แห่งประเทศไทย ;บรรณาธิการ, อุไรวรรณ โชติเกียรติ, ชิษณุ พันธุ์เจริญ, อุษา ทิสยากร
250    พิมพ์ครั้งที่ 1
260    กรุงเทพฯ :^bสมาคมกุมารแพทย์แห่งประเทศไทย,^c2549
300    280 หน้า :^bภาพประกอบ ;^c26 ซม.
504    บรรณานุกรมและดัชนี
650  7 กุมารเวชศาสตร์
700 0  อุไรวรรณ โชติเกียรติ,^eบรรณาธิการ
700 0  อุษา ทิสยากร,^eบรรณาธิการ
700 0  ชิษณุ พันธุ์เจริญ,^eบรรณาธิการ
710 2  สมาคมกุมารแพทย์แห่งประเทศไทย
945    ^p350^l0^i018418
945    ^p350^l0^i018277
995    ทศพร
999 ^a ใช้งานได้ทุกระบบ
รายการนี้ยังไม่มีแท็ก
คุณยังไม่ได้ล็อกอิน คุณสามารถมีกิจกรรมร่วมกับเว็บไซต์ได้ แต่ต้องล็อกอินก่อน ::
  ล็อกอิน

รายการสื่อสารสนเทศ

ลำดับที่ ประเภท เลขเรียก/บาร์โค้ด สถานที่ สถานะ
- ไม่พบข้อมูล -

รายการใกล้เคียง
    หัวเรื่อง [กุมารเวชศาสตร์]

BibComment


ยังไม่เคยถูกคอมเมนท์

คอมเมนท์ทรัพยากรรายการนี้
  คอมเมนท์: Hot issues in ped..


 Copyright 2026. Bcnsprnw @Library